| 000 | 00397nam a22001337a 4500 | ||
|---|---|---|---|
| 082 |
_a363.61 _bAZE _cD |
||
| 100 |
_aEMTEN, EC3IV., _938084 |
||
| 245 |
_aAzerbaijan: Baku water supply rehabilitation project _cEC3IV, EMTEN. |
||
| 260 |
_aWashington : _bThe World bank, _cMay 1995. |
||
| 300 |
_aiv, 55 p. : _bill |
||
| 526 |
_a0 _b0 _c0 _d363_610000000000000_AZE |
||
| 650 |
_aD _96527 |
||
| 942 |
_2ddc _cBK |
||
| 999 |
_c542760 _d542760 |
||